00321nam a2200121Ia 4500008004100000041000800041082001200049100002000061245005200081260003000133300001900163999001700182241015s9999 xx 000 0 und d aeng a332 MCA aKatlin Mcandrew aFinancial Management: Concepts And Applications bWillford PressaUSAc2019 a205;. P. 28 Cm c41716d41716